[Event "ODJM B 2022"]
[Site "Willingen GER"]
[Date "2022.06.11"]
[Round "9"]
[White "Wechtenbruch, Jamie"]
[Black "Rotärmel, Leonie"]
[Result "1-0"]
[Termination "normal"]
[Board "15"]
[WhiteElo "1489"]
[BlackElo "1486"]
[PlyCount "119"]
[WhiteFideId "16267737"]
[BlackFideId "16281390"]
[EventCountry "GER"]
[EventRounds "9"]
[EventType "swiss"]
[EventDate "2022.06.04"]

1. e4 e6 2. d4 d5 3. exd5 exd5 4. Qe2+ Qe7 5. Nc3 Qxe2+ 6. Ngxe2 c6 7. g3 Bg4
8. Bg2 Nf6 9. a3 Bf5 10. Kd2 Be7 11. Nf4 O-O 12. Bh3 Ne4+ 13. Nxe4 Bxe4 14. Re1
Bg5 15. Kc3 Bf6 16. Nh5 Bd8 17. Bd2 Bb6 18. b4 Na6 19. Be3 Nc7 20. Kb2 Nb5 21.
c3 a5 22. Nf4 Nd6 23. Bg2 Nc4+ 24. Kb3 Bxg2 25. Nxg2 Ra7 26. Nf4 Rfa8 27. b5
a4+ 28. Kc2 Nd6 29. bxc6 bxc6 30. Nd3 Nb5 31. Ne5 f6 32. Nxc6 Rc7 33. Reb1
Nxa3+ 34. Rxa3 Rxc6 35. Rb4 Rac8 36. Rbxa4 Kf7 37. Kd3 Bc7 38. Rb4 Bd6 39. Rb7+
Kg6 40. Rab3 Rd8 41. R7b5 Be7 42. Bc1 Re6 43. Be3 Rc6 44. Bf4 Re6 45. Kd2 Bd6
46. Bxd6 Rexd6 47. Ra3 Kf5 48. Ra7 R8d7 49. Rxd7 Rxd7 50. f3 h5 51. c4 Ke6 52.
cxd5+ Rxd5 53. Rxd5 Kxd5 54. Kd3 f5 55. h4 g6 56. Kc3 Kd6 57. Kc4 Kc6 58. d5+
Kd6 59. Kd4 Kd7 60. Ke5 1-0

[Event "ODJM B 2022"]
[Site "Willingen GER"]
[Date "2022.06.11"]
[Round "9"]
[White "Paqarizi, Endrit"]
[Black "Borgert, Alexander"]
[Result "1/2-1/2"]
[Termination "normal"]
[Board "16"]
[WhiteElo "1380"]
[BlackElo "1468"]
[PlyCount "59"]
[WhiteFideId "16235827"]
[BlackFideId "16289188"]
[EventCountry "GER"]
[EventRounds "9"]
[EventType "swiss"]
[EventDate "2022.06.04"]

1. d4 Nf6 2. Nc3 d5 3. Bf4 e6 4. e3 Bb4 5. Bd3 O-O 6. Nge2 c5 7. dxc5 Bxc5 8.
O-O Nc6 9. e4 d4 10. Na4 Bd6 11. c3 Bxf4 12. Nxf4 e5 13. Ne2 b6 14. f4 dxc3 15.
Naxc3 exf4 16. Nxf4 Qd4+ 17. Kh1 Ng4 18. Qe2 Qe3 19. Rae1 Qxe2 20. Rxe2 Nce5
21. h3 Nxd3 22. Nxd3 Ba6 23. Rd1 Bxd3 24. Rxd3 Ne5 25. Rd5 f6 26. b3 Rfd8 27.
Red2 Rxd5 28. Nxd5 Kf7 29. Rc2 Rd8 30. Rc7+ 1/2-1/2

[Event "ODJM B 2022"]
[Site "Willingen GER"]
[Date "2022.06.11"]
[Round "9"]
[White "Fellberg, Justus"]
[Black "Glotz, Richard"]
[Result "1/2-1/2"]
[Termination "normal"]
[Board "17"]
[WhiteElo "1262"]
[BlackElo "1607"]
[PlyCount "59"]
[WhiteFideId "34608990"]
[BlackFideId "34601520"]
[EventCountry "GER"]
[EventRounds "9"]
[EventType "swiss"]
[EventDate "2022.06.04"]

1. e4 c5 2. Nf3 Nc6 3. d4 cxd4 4. Nxd4 g6 5. c4 Bg7 6. Be3 Nf6 7. Nc3 O-O 8.
Be2 d6 9. O-O Bd7 10. f3 Nxd4 11. Bxd4 a5 12. b3 Bc6 13. Rc1 Nd7 14. Bxg7 Kxg7
15. Qd4+ Kg8 16. Rfd1 Qb6 17. Nd5 Bxd5 18. Qxb6 Nxb6 19. cxd5 Rac8 20. Bb5 Rxc1
21. Rxc1 Rc8 22. Rxc8+ Nxc8 23. Kf2 Kg7 24. g4 g5 25. Ke3 Kf6 26. Kd3 Ke5 27.
Be8 f6 28. Ke3 Nb6 29. h4 h6 30. h5 1/2-1/2

[Event "ODJM B 2022"]
[Site "Willingen GER"]
[Date "2022.06.11"]
[Round "9"]
[White "Schilay, Eva"]
[Black "Laux, Filip"]
[Result "1/2-1/2"]
[Termination "normal"]
[Board "18"]
[WhiteElo "1691"]
[BlackElo "1395"]
[PlyCount "60"]
[WhiteFideId "12930164"]
[BlackFideId "16275730"]
[EventCountry "GER"]
[EventRounds "9"]
[EventType "swiss"]
[EventDate "2022.06.04"]

1. e4 c6 2. d4 d5 3. exd5 cxd5 4. Bd3 Nc6 5. c3 Qc7 6. Be3 e6 7. Nd2 Nf6 8. h3
h6 9. Ngf3 Bd6 10. O-O O-O 11. Nh4 e5 12. dxe5 Nxe5 13. Bc2 b6 14. Nhf3 Bb7 15.
Nxe5 Bxe5 16. Nf3 Bd6 17. Bb3 Rfd8 18. Qc2 Bc5 19. Bd4 Ne4 20. Rad1 Bxd4 21.
Nxd4 Nc5 22. Rfe1 Re8 23. Re2 Rxe2 24. Qxe2 Qd7 25. Re1 Kf8 26. Bc2 Re8 27. Qd1
Rxe1+ 28. Qxe1 Qe7 29. Kf1 Qxe1+ 30. Kxe1 g6 1/2-1/2

[Event "ODJM B 2022"]
[Site "Willingen GER"]
[Date "2022.06.11"]
[Round "9"]
[White "Payyappat, Sayas"]
[Black "Bouhadjer, Youcef"]
[Result "1-0"]
[Termination "normal"]
[Board "19"]
[WhiteElo "1542"]
[BlackElo "1630"]
[PlyCount "45"]
[WhiteFideId "25659260"]
[BlackFideId "16251539"]
[EventCountry "GER"]
[EventRounds "9"]
[EventType "swiss"]
[EventDate "2022.06.04"]

1. b3 e5 2. Bb2 Nc6 3. e3 d5 4. Bb5 Nge7 5. Bxe5 a6 6. Bxc6+ Nxc6 7. Bb2 Bf5 8.
Nf3 f6 9. d3 Bd6 10. Nc3 Ne7 11. Qd2 O-O 12. O-O c6 13. Rad1 Bb4 14. a3 Ba5 15.
b4 Bc7 16. e4 Bg6 17. Rfe1 Bh5 18. exd5 Bxf3 19. gxf3 Nxd5 20. Nxd5 Qxd5 21.
Re4 f5 22. Re7 Qd6 23. Rxg7+ 1-0

[Event "ODJM B 2022"]
[Site "Willingen GER"]
[Date "2022.06.11"]
[Round "9"]
[White "Wehrle, Valentin"]
[Black "Schotthöfer, Samira"]
[Result "1/2-1/2"]
[Termination "normal"]
[Board "20"]
[WhiteElo "1522"]
[BlackElo "1304"]
[PlyCount "42"]
[WhiteFideId "65600355"]
[BlackFideId "16243455"]
[EventCountry "GER"]
[EventRounds "9"]
[EventType "swiss"]
[EventDate "2022.06.04"]

1. d4 Nf6 2. c4 g6 3. g3 Bg7 4. Bg2 O-O 5. Nf3 d6 6. Nc3 a6 7. O-O Nc6 8. Re1
e5 9. e4 Bg4 10. d5 Nd4 11. Qd3 Bxf3 12. Bxf3 c5 13. b3 Rb8 14. Ne2 Nd7 15. a4
h6 16. Bd2 f5 17. Rab1 Qf6 18. Rf1 Rbe8 19. Bg2 Nxe2+ 20. Qxe2 f4 21. Bf3 g5
1/2-1/2

[Event "ODJM B 2022"]
[Site "Willingen GER"]
[Date "2022.06.11"]
[Round "9"]
[White "Schaudienst, Arvid"]
[Black "Müller, Anker"]
[Result "1-0"]
[Termination "normal"]
[Board "21"]
[WhiteElo "1411"]
[BlackElo "1509"]
[PlyCount "55"]
[WhiteFideId "16266943"]
[BlackFideId "1472070"]
[EventCountry "GER"]
[EventRounds "9"]
[EventType "swiss"]
[EventDate "2022.06.04"]

1. e4 c6 2. d4 d5 3. exd5 cxd5 4. Bd3 Nc6 5. c3 Nf6 6. Ne2 Bg4 7. O-O e6 8. Qe1
Bd6 9. f3 Bh5 10. Qh4 Qc7 11. Bg5 Bg6 12. Bxg6 fxg6 13. Bxf6 gxf6 14. Qxf6
Bxh2+ 15. Kh1 Rf8 16. Qxe6+ Ne7 17. Nd2 Rd8 18. Qh3 Bf4 19. Nxf4 Qxf4 20. Nb3
Nf5 21. Rae1+ Kd7 22. Nc5+ Kc6 23. Ne6 Qb8 24. Nxd8+ Rxd8 25. Re6+ Kd7 26. Rfe1
Rf8 27. Qxh7+ Kc8 28. Re8+ 1-0

[Event "ODJM B 2022"]
[Site "Willingen GER"]
[Date "2022.06.11"]
[Round "9"]
[White "Uhlmann, Jonas"]
[Black "Frydel, Marcel"]
[Result "0-1"]
[Termination "normal"]
[Board "22"]
[WhiteElo "1315"]
[BlackElo "1251"]
[PlyCount "116"]
[WhiteFideId "16258576"]
[BlackFideId "16245733"]
[EventCountry "GER"]
[EventRounds "9"]
[EventType "swiss"]
[EventDate "2022.06.04"]

1. e4 e5 2. Nf3 Nf6 3. Nxe5 d6 4. Nf3 Nxe4 5. Nc3 Nxc3 6. dxc3 Be7 7. Be3 Nc6
8. Qd2 O-O 9. O-O-O Be6 10. Kb1 Qd7 11. h4 Na5 12. h5 h6 13. Rg1 Bg4 14. Rh1
Bxf3 15. gxf3 Qe6 16. Bh3 Nc4 17. Qe2 f5 18. Rhg1 Kh7 19. Bd4 Ne5 20. Bxe5 dxe5
21. Qb5 b6 22. Qd7 Qf6 23. Qxc7 a5 24. a3 Rac8 25. Qb7 Rb8 26. Qa6 Ra8 27. Qe2
Rad8 28. Rxd8 Rxd8 29. Rg6 Qf7 30. c4 Bc5 31. Qxe5 Rd1+ 32. Ka2 Qxc4+ 33. b3
Qxc2+ 34. Qb2 Qxb2+ 35. Kxb2 Rd2+ 36. Kc1 Rd5 37. Rg2 Bxa3+ 38. Kc2 Bc5 39. Kc3
Kg8 40. Rh2 Kh7 41. Bf1 g6 42. hxg6+ Kxg6 43. Rg2+ Kf6 44. Rh2 Kg6 45. Rg2+ Kh7
46. Bc4 Rd4 47. Bg8+ Kh8 48. Bc4 Rf4 49. Bd5 h5 50. Rh2 h4 51. Kc2 Kg7 52. Bc6
Kf6 53. Kd3 Ke5 54. Kc3 Kd6 55. Ba8 b5 56. Kd3 a4 57. bxa4 bxa4 58. Ke2 a3 0-1

[Event "ODJM B 2022"]
[Site "Willingen GER"]
[Date "2022.06.11"]
[Round "9"]
[White "Masur, Maxim"]
[Black "Bock, Leonas"]
[Result "1-0"]
[Termination "normal"]
[Board "24"]
[WhiteElo "1428"]
[BlackElo "1352"]
[PlyCount "107"]
[WhiteFideId "34606637"]
[BlackFideId "16287118"]
[EventCountry "GER"]
[EventRounds "9"]
[EventType "swiss"]
[EventDate "2022.06.04"]

1. e4 d5 2. exd5 Qxd5 3. Nc3 Qa5 4. Bc4 Nf6 5. d3 a6 6. Bd2 Qf5 7. Qf3 Qxf3 8.
Nxf3 Nc6 9. Bf4 e6 10. Bxc7 Bc5 11. O-O O-O 12. a4 Re8 13. Bg3 Bd7 14. Ne2 Rac8
15. c3 e5 16. b4 Bd6 17. Nd2 Be6 18. Bxe6 Rxe6 19. b5 Nb8 20. Nc4 Bc7 21. Rfe1
Nbd7 22. bxa6 bxa6 23. Ne3 Ba5 24. Nc4 Bd8 25. f4 Nh5 26. f5 Rf6 27. Bh4 Rxf5
28. Nd6 Bxh4 29. Nxf5 Bxe1 30. Ne7+ Kf8 31. Nxc8 Bd2 32. Rb1 g6 33. Nd6 Be3+
34. Kf1 Kg7 35. Nc4 Bc5 36. d4 exd4 37. cxd4 Be7 38. g4 Nhf6 39. g5 Nd5 40. Rb7
Nf8 41. Nb6 Ne3+ 42. Kf2 Bxg5 43. d5 h5 44. Nd4 h4 45. Ne6+ Nxe6 46. dxe6 Nf5
47. Rxf7+ Kg8 48. Nd5 a5 49. Nf6+ Bxf6 50. Rxf6 Ne7 51. h3 Nf5 52. Rxg6+ Kh8
53. Rg5 Ne7 54. Rxa5 1-0

[Event "ODJM B 2022"]
[Site "Willingen GER"]
[Date "2022.06.11"]
[Round "9"]
[White "Meitzner, Johan Eduard"]
[Black "Hornstein, Leonhard Orell"]
[Result "0-1"]
[Termination "normal"]
[Board "25"]
[WhiteElo "1396"]
[BlackElo "1214"]
[PlyCount "56"]
[WhiteFideId "34623612"]
[BlackFideId "16254643"]
[EventCountry "GER"]
[EventRounds "9"]
[EventType "swiss"]
[EventDate "2022.06.04"]

1. e4 d5 2. exd5 Qxd5 3. Nc3 Qa5 4. d4 Nf6 5. Bc4 Bg4 6. f3 Bh5 7. Qe2 Nc6 8.
Qf2 O-O-O 9. Be3 Bg6 10. Bb3 e6 11. a3 Bb4 12. Nge2 Be7 13. O-O-O Kb8 14. g4 h6
15. Nf4 Bxa3 16. bxa3 Qxc3 17. Ne2 Qa1+ 18. Kd2 Qxa3 19. Ke1 Nb4 20. Rc1 Nd3+
21. cxd3 Qxb3 22. Bf4 Nd5 23. Qg3 Nxf4 24. Nxf4 Rd7 25. Nxg6 fxg6 26. Ke2 Qb2+
27. Ke3 Qxd4+ 28. Ke2 Qxd3+ 0-1

[Event "ODJM B 2022"]
[Site "Willingen GER"]
[Date "2022.06.11"]
[Round "9"]
[White "Bakó, Evelin"]
[Black "Keuper, David"]
[Result "0-1"]
[Termination "normal"]
[Board "26"]
[WhiteElo "1214"]
[BlackElo "1243"]
[PlyCount "126"]
[WhiteFideId "16271823"]
[BlackFideId "16287568"]
[EventCountry "GER"]
[EventRounds "9"]
[EventType "swiss"]
[EventDate "2022.06.04"]

1. e4 c5 2. Nf3 e6 3. d4 cxd4 4. Nxd4 a6 5. c4 Qc7 6. a3 Nf6 7. Nc3 Nc6 8. Be3
d6 9. Be2 Be7 10. Qd2 O-O 11. O-O-O Na5 12. Kb1 Nxc4 13. Bxc4 Qxc4 14. Rc1 Qc7
15. Nd5 Qd8 16. Nxe7+ Qxe7 17. f3 Qd7 18. h4 Ne8 19. g4 Qe7 20. g5 f5 21. exf5
exf5 22. Rce1 Qf7 23. Bf4 Qd7 24. h5 Nc7 25. g6 h6 26. Bxh6 gxh6 27. g7 Rf6 28.
Qc3 Rf7 29. Qd2 Re7 30. Reg1 Rxg7 31. Qxh6 Qf7 32. Qc1 Ne6 33. Rxg7+ Nxg7 34.
h6 Ne6 35. Nxe6 Bxe6 36. h7+ Kh8 37. Qc3+ Qg7 38. Re1 Re8 39. Ka1 Bf7 40. Qc1
Bg6 41. Rg1 Kxh7 42. Qc4 Qf7 43. Qh4+ Kg8 44. Qh6 Re6 45. Rh1 Bh7 46. Qg5+ Rg6
47. Qd8+ Kg7 48. Qh4 Kh8 49. Qd8+ Qg8 50. Qh4 Rg1+ 51. Rxg1 Qxg1+ 52. Ka2 Qg8+
53. Ka1 Qg6 54. Qd8+ Bg8 55. Qb6 Qe6 56. Qd4+ Kh7 57. Qh4+ Kg6 58. Qg3+ Kf7 59.
Qg1 Kf8 60. Kb1 Qa2+ 61. Kc2 Qc4+ 62. Kb1 Qd3+ 63. Kc1 Bb3 0-1